000 00685nam a22002537a 4500
003 UA-OsUOA
001 86780
007 ta
008 20120911b un ||||| |||| 00| 0 ukr d
100 _aМихайловский Б.
700 _aТагер Е.
090 _a82.09
_bМ69
942 _cBK
040 _aUA-OsUOA
_brus
_cUA-OsUOA
_dUA-OsUOA
245 _aТворчество М. Горького
300 _a296 с.
955 _a4
041 _arus
080 _a82.09
260 _aМ.
_bГос. учеб. пед. изд.
_c1954
250 _n2 дополненое
650 7 _a82 Література. Літературознавство
_2UDC
999 _c372953
_d372953